Landlocked Countries Without A Navy - Statistics

General Stats
  • This quiz has been taken 24 times
  • The average score is 6 of 9
Answer Stats
Country % Correct
Bolivia
95%
Paraguay
90%
Central African Republic
80%
Rwanda
75%
Turkmenistan
65%
Uganda
65%
Kazakhstan
60%
Azerbaijan
45%
Laos
45%
No matching quizzes found
Score Distribution
Percent of People with Each Score
Percentile by Number Answered
Your Score History
You have not taken this quiz